[Event "DRUGA LIGA SRBIJE-GRUPA VOJVODINA-2019."]
[Site "Kovacica"]
[Date "2019.11.02"]
[Round "2.2"]
[White "Perisic, Radivoj"]
[Black "Mladenovic, Dusan"]
[Result "1-0"]
[WhiteElo "2223"]
[BlackElo "2070"]
[PlyCount "125"]
[EventDate "2019.11.01"]
[WhiteTeam "SK Krajina Krajisnik"]
[BlackTeam "SK Mladenovo Mladenovo"]

1. e4 c6 2. d4 d5 3. exd5 cxd5 4. c4 Nf6 5. Nc3 e6 6. Nf3 Be7 7. Bg5 dxc4 8.
Bxc4 O-O 9. O-O a6 10. a4 Nc6 11. Qd2 Nb4 12. Ne5 Nbd5 13. Rfe1 Rb8 14. h3 Nxc3
15. bxc3 Qc7 16. Bd3 b5 17. Reb1 Bd7 18. Nxd7 Qxd7 19. axb5 axb5 20. Ra5 b4 21.
cxb4 Rfd8 22. Be3 Nd5 23. b5 e5 24. Bc4 Nxe3 25. Qxe3 Qxd4 26. Qb3 Qf4 27. Ra7
Kf8 28. g3 Qf5 29. Rd1 Ke8 30. Bd5 e4 31. Ra4 Bc5 32. Rxe4+ Be7 33. Rf4 Rxd5
34. Qxd5 Qxd5 35. Rxd5 Bd8 36. Kg2 g6 37. h4 Bb6 38. Re4+ Kf8 39. Rd1 Bc5 40.
Rd5 Be7 41. Rc4 Rb7 42. Rc6 Rb8 43. Rc7 Bd8 44. Ra7 Bb6 45. Rad7 Ke8 46. R7d6
Ke7 47. g4 Rb7 48. f4 Ba5 49. Kf3 Bb4 50. Rc6 Ba5 51. f5 gxf5 52. Rxf5 Bb4 53.
Rh6 Bc3 54. Rxh7 Ke6 55. Ke4 Rd7 56. Rc5 Bb2 57. Rc6+ Ke7 58. g5 Kf8 59. Rc8+
Ke7 60. g6 Rd4+ 61. Ke3 Rg4 62. gxf7 Bg7 63. Rxg7 1-0

[Event "DRUGA LIGA SRBIJE-GRUPA VOJVODINA-2019."]
[Site "Kovacica"]
[Date "2019.11.02"]
[Round "2.2"]
[White "Volarov, Damir"]
[Black "Brajic, Djordje"]
[Result "1-0"]
[WhiteElo "2076"]
[BlackElo "2206"]
[PlyCount "79"]
[EventDate "2019.11.01"]
[WhiteTeam "SK Mladenovo Mladenovo"]
[BlackTeam "SK Krajina Krajisnik"]

1. Nf3 Nf6 2. g3 d5 3. c4 e6 4. Bg2 Bd6 5. d4 c6 6. Nbd2 O-O 7. O-O Nbd7 8. b3
Re8 9. Bb2 e5 10. dxe5 Nxe5 11. cxd5 cxd5 12. Nxe5 Bxe5 13. Bxe5 Rxe5 14. Nf3
Rh5 15. Re1 Bf5 16. Qd4 Be4 17. h4 Qd7 18. Nh2 Bxg2 19. Kxg2 Qe6 20. Rac1 Re5
21. e3 Re4 22. Qd2 Re8 23. Nf3 h6 24. Red1 Qd6 25. Rc4 R4e6 26. Rd4 Ne4 27. Qc1
Rg6 28. Rxe4 Rxe4 29. Qc8+ Kh7 30. Qxb7 Rxg3+ 31. fxg3 Rg4 32. Qxd5 Qxg3+ 33.
Kf1 Qg2+ 34. Ke1 Rg3 35. Qf5+ Rg6 36. h5 Qg3+ 37. Ke2 Qg2+ 38. Kd3 Qxa2 39.
hxg6+ fxg6 40. Ng5+ 1-0

[Event "DRUGA LIGA SRBIJE-GRUPA VOJVODINA-2019."]
[Site "Kovacica"]
[Date "2019.11.02"]
[Round "2.5"]
[White "Balla, Tamas-Kristof"]
[Black "Petrusic, Velimir"]
[Result "1-0"]
[WhiteElo "2348"]
[BlackElo "2110"]
[PlyCount "50"]
[EventDate "2019.11.01"]
[WhiteTeam "SK Senta Senta"]
[BlackTeam "SK Sloga Indjija"]

1. e4 e6 2. d4 d5 3. Nd2 h6 4. c3 c5 5. dxc5 Bxc5 6. Nb3 Bb6 7. exd5 exd5 8.
Bb5+ Nc6 9. Qe2+ Qe7 10. Nf3 Qxe2+ 11. Kxe2 Nf6 12. Re1 O-O 13. Kf1 Bg4 14.
Nfd4 Bd7 15. Bd3 Rfe8 16. Bf4 g5 17. Bd6 Nxd4 18. cxd4 Ne4 19. Be5 Rxe5 20.
dxe5 Nxf2 21. Be2 Re8 22. Rac1 Rxe5 23. Nc5 Ne4 24. b4 Nxc5 25. bxc5 Bc7 1-0

[Event "DRUGA LIGA SRBIJE-GRUPA VOJVODINA-2019."]
[Site "Kovacica"]
[Date "2019.11.02"]
[Round "2.5"]
[White "Mandic, Milenko"]
[Black "Kopasz, Robert"]
[Result "1/2-1/2"]
[WhiteElo "1904"]
[BlackElo "2351"]
[PlyCount "120"]
[EventDate "2019.11.01"]
[WhiteTeam "SK Sloga Indjija"]
[BlackTeam "SK Senta Senta"]

1. d4 c5 2. c3 Nf6 3. Nf3 b6 4. Bf4 Bb7 5. e3 d6 6. dxc5 bxc5 7. Nbd2 Nbd7 8.
Qb3 Rb8 9. Qc2 e5 10. Bg5 h6 11. Bh4 Be7 12. Bd3 O-O 13. e4 Nh5 14. Bxe7 Qxe7
15. g3 d5 16. O-O-O c4 17. Be2 Nc5 18. exd5 e4 19. d6 Qd8 20. Ne5 Nd3+ 21. Kb1
Nf6 22. Ndxc4 Nxf2 23. Rhf1 Nxd1 24. Rxd1 Nd7 25. Qa4 Nxe5 26. Nxe5 Re8 27. Qd4
Qf6 28. Nd7 Qxd4 29. Rxd4 Rbc8 30. Nf6+ gxf6 31. d7 Bc6 32. dxc8=Q Rxc8 33. Kc1
Kf8 34. Kd2 Ke7 35. Bg4 Rb8 36. b3 Rb5 37. c4 Ra5 38. a4 Re5 39. Ke3 a5 40. Bd1
Rf5 41. Be2 Rg5 42. g4 f5 43. h3 fxg4 44. hxg4 f5 45. gxf5 Rxf5 46. Bg4 Rf8 47.
Rd2 Rg8 48. Kf4 Rf8+ 49. Bf5 Rb8 50. Rh2 Rxb3 51. Rxh6 Bxa4 52. Bxe4 Rb4 53.
Ke5 Rxc4 54. Bd5 Rc1 55. Rh7+ Ke8 56. Kd6 Kd8 57. Ra7 Be8 58. Rxa5 Rc8 59. Ra7
Rb8 60. Bb7 Bd7 1/2-1/2

[Event "DRUGA LIGA SRBIJE-GRUPA VOJVODINA-2019."]
[Site "Kovacica"]
[Date "2019.11.02"]
[Round "2.5"]
[White "Vranic, Ljubomir"]
[Black "Marceta, Dimitrije"]
[Result "1/2-1/2"]
[WhiteElo "2211"]
[BlackElo "1766"]
[PlyCount "120"]
[EventDate "2019.11.01"]
[WhiteTeam "SK Senta Senta"]
[BlackTeam "SK Sloga Indjija"]

1. d4 Nf6 2. c4 g6 3. Nc3 Bg7 4. e4 d6 5. Bd3 O-O 6. Nge2 e5 7. d5 Nbd7 8. h3
Nc5 9. Bc2 a5 10. Bg5 h6 11. Be3 b6 12. Qd2 Kh7 13. g4 Ng8 14. Ng3 Bd7 15.
O-O-O a4 16. Qe2 Qc8 17. Rdg1 f6 18. f3 Ne7 19. h4 Kg8 20. Qd2 g5 21. hxg5 hxg5
22. Nf5 Nxf5 23. gxf5 Kf7 24. Rh7 Rh8 25. Rgh1 Rxh7 26. Rxh7 Qa6 27. Qh2 Rg8
28. Qe2 Rh8 29. Rxh8 Bxh8 30. Bxc5 bxc5 31. a3 Bg7 32. Bd1 Be8 33. Kc2 Qb6 34.
Kd3 Qa5 35. Qd2 Bh6 36. Bxa4 Bxa4 37. Nxa4 Qxa4 38. Qc2 Qa5 39. Qh2 Bg7 40.
Qh5+ Kf8 41. Qh1 Qb6 42. Kc3 Qa5+ 43. Kd3 Qa4 44. Kc3 Qe8 45. Qh7 Qa8 46. Qh1
Kg8 47. Kd3 c6 48. dxc6 Qxc6 49. Kc3 Kf8 50. Kb3 Qb6+ 51. Ka2 Qa5 52. Qd1 Qa6
53. Qd5 Qb6 54. Qa8+ Kf7 55. Qc8 Bf8 56. Qe6+ Kg7 57. Qd7+ Kh8 58. Qe8 Kg8 59.
Qe6+ Kg7 60. Qe8 Kg8 1/2-1/2

[Event "DRUGA LIGA SRBIJE-GRUPA VOJVODINA-2019."]
[Site "Kovacica"]
[Date "2019.11.02"]
[Round "2.5"]
[White "Parkajic, Branislav"]
[Black "Nagy, Attila N"]
[Result "0-1"]
[WhiteElo "1922"]
[BlackElo "2233"]
[PlyCount "56"]
[EventDate "2019.11.01"]
[WhiteTeam "SK Sloga Indjija"]
[BlackTeam "SK Senta Senta"]

1. Nf3 Nf6 2. b3 g6 3. Bb2 Bg7 4. e3 O-O 5. c4 c5 6. Nc3 Nc6 7. d4 cxd4 8. Nxd4
d5 9. Nxc6 bxc6 10. Rc1 Qa5 11. Qc2 Rd8 12. a3 Bf5 13. b4 Bxc2 14. bxa5 Bf5 15.
Na4 Rab8 16. Bd4 Rb3 17. Bxa7 Rxa3 18. Bb6 Ra8 19. Nc5 Ne4 20. Nxe4 dxe4 21.
Kd2 c5 22. Be2 Bd7 23. Bd1 Rc8 24. Bc2 Bc3+ 25. Ke2 Ra2 26. Rhf1 Be6 27. Rg1
Bxc4+ 28. Kd1 Rc6 0-1

[Event "DRUGA LIGA SRBIJE-GRUPA VOJVODINA-2019."]
[Site "Kovacica"]
[Date "2019.11.02"]
[Round "2.5"]
[White "Lorinc, Sandor"]
[Black "Muskinja, Luka"]
[Result "1-0"]
[WhiteElo "2157"]
[BlackElo "1810"]
[PlyCount "97"]
[EventDate "2019.11.01"]
[WhiteTeam "SK Senta Senta"]
[BlackTeam "SK Sloga Indjija"]

1. d4 Nf6 2. Bf4 g6 3. e3 Bg7 4. Nf3 d6 5. h3 Nbd7 6. Be2 b6 7. c4 O-O 8. Nc3
Bb7 9. Qc2 Re8 10. Bh2 e5 11. O-O exd4 12. Nxd4 a6 13. Rfd1 Qe7 14. a4 Ne4 15.
Nxe4 Bxe4 16. Qd2 Nc5 17. Ra3 Bxd4 18. Qxd4 Bc2 19. Re1 Bxa4 20. b4 Ne6 21. Qd5
Qd7 22. Bf3 Rab8 23. Rea1 b5 24. c5 Red8 25. Rd3 Qe7 26. cxd6 cxd6 27. Bxd6 Qf6
28. Rc1 Rb6 29. Rc6 Rxc6 30. Qxc6 Qa1+ 31. Kh2 Qe1 32. Bd5 Qf1 33. Rd2 Qe1 34.
Rb2 Qd1 35. e4 Qd4 36. Ra2 Qf6 37. Bg3 h5 38. h4 Qe7 39. f4 Nxf4 40. Rf2 Nxd5
41. exd5 Qd7 42. Qf6 Kh7 43. Be5 Rg8 44. Qxf7+ Qxf7 45. Rxf7+ Kh6 46. Bf4+ g5
47. Bxg5+ Kg6 48. Rf6+ Kg7 49. Rxa6 1-0

[Event "DRUGA LIGA SRBIJE-GRUPA VOJVODINA-2019."]
[Site "Kovacica"]
[Date "2019.11.02"]
[Round "2.5"]
[White "Majstorovic, Stanko"]
[Black "Simonyi, Zoltan"]
[Result "1-0"]
[WhiteElo "2078"]
[BlackElo "2149"]
[PlyCount "159"]
[EventDate "2019.11.01"]
[WhiteTeam "SK Sloga Indjija"]
[BlackTeam "SK Senta Senta"]

1. e4 e5 2. Nf3 Nc6 3. Bc4 Be7 4. O-O Nf6 5. Re1 d6 6. h3 O-O 7. c3 Nxe4 8.
Rxe4 d5 9. Re1 dxc4 10. Nxe5 Nxe5 11. Rxe5 Bf6 12. Re3 Bf5 13. Na3 Qd5 14. b3
b5 15. Qf3 Qd7 16. bxc4 b4 17. Nb5 Be6 18. Qf4 Rac8 19. Rg3 Kh8 20. d3 bxc3 21.
Ba3 Rfd8 22. Rc1 Bf5 23. Nxc3 Re8 24. Rf3 Bg6 25. Nd5 Be5 26. Qg4 Rcd8 27. Qxd7
Rxd7 28. Rd1 Bd4 29. Kf1 f6 30. Rb1 c6 31. Nf4 Bf7 32. Ne2 Bb6 33. g4 Red8 34.
Rb3 Bg6 35. Nf4 Bf7 36. Bc1 Kg8 37. Be3 Bc7 38. Ke2 Be5 39. Ng2 Bg6 40. Ne1 h5
41. Bf4 Bd4 42. Nc2 Bc5 43. Bd2 Bf7 44. Be3 Bf8 45. Rf4 Bg6 46. Rd4 Bd6 47. c5
Be7 48. Rxd7 Rxd7 49. Nb4 Rc7 50. Na6 Rc8 51. Rb7 Bf8 52. Rxa7 Rd8 53. Nb4 Be8
54. a4 hxg4 55. hxg4 Bd7 56. f3 Be8 57. Kd2 Rb8 58. Kc3 g6 59. a5 Bg7 60. Bd4
g5 61. a6 Rb5 62. Rb7 Ra5 63. Rb6 Bf8 64. Nxc6 Ra3+ 65. Kd2 Kf7 66. Nb4 Be7 67.
Nd5 Bd8 68. Rd6 Be7 69. Nxe7 Kxe7 70. Bxf6+ Kf7 71. Bxg5 Bb5 72. Bd8 Bxa6 73.
f4 Bc8 74. g5 Ra2+ 75. Ke3 Rg2 76. f5 Bxf5 77. Rf6+ Ke8 78. Rxf5 Kxd8 79. Ke4
Ke7 80. Kd5 1-0